| 000 | 00877nas a2200265 4500 | ||
|---|---|---|---|
| 001 | BR2014006907 | ||
| 003 | BR-BrBNA | ||
| 005 | 20231205124700.0 | ||
| 007 | ta | ||
| 008 | 230509b bl.|||p| |||| 00| 00por d | ||
| 040 |
_aBR-BrBNA _bpor _cBiblioteca Nacional de Agricultura |
||
| 041 | _a(En) | ||
| 072 | _aL70 | ||
| 100 | 1 | _aMonteiro, E.R. | |
| 100 | 1 | _aSilva, E.L. de F. da | |
| 100 | 1 | _aSantos, M.G.D.P. | |
| 100 | 1 | _aRossi Júnior, J.L. | |
| 100 | 1 | _aFerreira Júnior, P.D. | |
| 245 | 1 | _aPharmacological restraint of red-footed tortoises using combinations of Ketamine, midazolam and butorphanol | |
| 650 | _aJABUTI | ||
| 650 | _aVETERINÁRIA | ||
| 773 | 0 |
_tRevista Acadêmica. Ciências Agrárias e Ambientais (Brazil) _xISSN 0103-989X _g(Jul-Sep 2011), v. 9(3) p. 295-298 _wBR2014006907 |
|
| 909 |
_a202311 _bLúcia _c55 _dLúcia Elande |
||
| 942 |
_2AGRIS _n0 _cANA |
||
| 999 |
_c240359 _d240359 |
||